Risoterapia: curando con risas (Registro nro. 7962)

Detalles MARC
000 -Cabecera
Campo de control de longitud fija 00569nam a22002417a 4500
005 - Fecha y hora de la última transacción
Campo de control 20250728175015.0
008 - Elementos de longitud fija--Información general
Campo de control de longitud fija 160415b2012 xxu||||| |||| 00| 0 spa d
020 ## - International Standard Book Number
Número Internacional Estándar del Libro (ISBN) 9789972233388
041 ## - Idioma
Código de idioma Español
082 ## - Clasificación Decimal Dewey
Número de clasificación 615.851 R595r
245 ## - Título propiamente dicho
Título Risoterapia: curando con risas
260 ## - Pie de imprenta
Lugar de publicación, distribución, etc. Perú
260 ## - Pie de imprenta
Nombre del editor, distribuidor, etc. Mirbet Ediciones
260 ## - Pie de imprenta
Fecha de publicación, distribución, etc. 2012
300 ## - Descripción física
Extensión 136 páginas
490 ## - Serie
Título de la Serie Temática General
650 ## - Materia general
Temática (materia general) TERAPIAS MENTALES
650 ## - Materia general
Temática (materia general) RISOTERAPIA
650 ## - Materia general
Temática (materia general) RISA
650 ## - Materia general
Temática (materia general) SALUD
650 ## - Materia general
Temática (materia general) EJERCICIOS DE LA RISA
942 ## - Punto de acceso adicional KOHA
Tipo de ítem KOHA Libro
Fuente del sistema de clasificación o colocación Dewey Decimal Classification
Existencias
Signatura completa Código de barras Programa Académico Tipo de ítem
615.851 R595r 21028 Temática General Libro